000
00317nam a22001457a 4500
005
20151006160416.0
008
151006b xxu||||| |||| 00| 0 eng d
041
_a
eng
082
_a
621
_b
0001
100
_a
Khurmi R S
_9
44
245
_a
strength of materials
250
_a
5
260
_a
Delhi
_b
Vikash
_c
2010
942
_c
BK
999
_c
2
_d
2